| 000 | 00608nam a22002052 4500 | ||
|---|---|---|---|
| 001 | 0000024953 | ||
| 005 | 20151217152307.0 | ||
| 008 | 140402s xx 000 0 eng d | ||
| 020 | _a0853698814 : | ||
| 040 |
_aKABU _cKABU |
||
| 245 | 1 | 0 |
_aDeveloping your prescribing skills / _cedited by Trudy Thomas. |
| 250 | _a1st ed. | ||
| 260 |
_aLondon : _bPharmaceutical Press, _c2011. |
||
| 300 | _axviii, 155 p. | ||
| 650 | 0 |
_aDrugs _xPrescribing. _@0000185288 |
|
| 700 | 1 |
_aThomas, Trudy. _@0000185289 |
|
| 852 | 1 | _9p3950 KES | |
| 908 | _a140402 | ||
| 950 | _@1 | ||
| 999 |
_c10435 _d10435 |
||